000 00299nam a2200133 i 4500
001 bg
100 1 _aPOLAŃSKI, A.
245 0 _aMechaniczne napędy maszyn /
_cA. Polański.
260 _aKielce,
_c1983.
040 _cBPK
041 _apol
942 _cKS
008 s pl f |000 0 pol
999 _c928
_d928
856 _uhttp://koha.tu.koszalin.pl/cgi-bin/koha/opac-detail.pl?biblionumber=928
_yKatalog online BPK